000 00548nam a2200193Ia 4500
005 20260120132116.0
008 008 260114s9999 xx 000 0 eng d
020 _a9781383045864
037 _aEBOOK
040 _aCRL
_beng
_cCRL
041 _aeng
_2eng
084 _qCRL
100 _aAlter
_9935046
245 4 _aThe European Courts Political Power: Selected Essays
260 _bOxford University PressOxford University Press
_c2023
856 _uhttps://academic.oup.com/book/52528
942 _cEBOOK
999 _c1526969
_d1526969